| 000 | 00365nam a22001451 4500 | ||
|---|---|---|---|
| 020 | _a046340025 | ||
| 040 | _cLONDON | ||
| 082 | _a634 ALL 1968 A040 Or. | ||
| 100 | 1 | _aOsmaston, F. C. | |
| 245 | 1 | 4 | _aThe management of forests, |
| 260 |
_aLondon, _bAllen & Unwin _c[1968] |
||
| 300 |
_a384 p. _billus., forms. _c23 cm. |
||
| 650 | 0 | _aForest management. | |
| 942 | _cEK | ||
| 999 |
_c11985 _d11985 |
||